Biggest African Cities by Letter - A - Statistics

General Stats
  • This quiz has been taken 1,295 times
    1,154 since last reset
  • The average score is 9 of 16
Answer Stats
Pop Country Hint City % Correct
5,362,517 Egypt Great Library Alexandria
99%
3,860,000 Ethiopia Lion of Judah Addis Ababa
97%
2,070,463 Ghana Makola Market Accra
96%
2,364,230 Algeria The Casbah Algiers
96%
2,690,000 Nigeria Aso Rock Abuja
93%
1,274,225 Madagascar Makis Antananarivo
92%
4,395,243 Ivory Coast "Paris of Africa" Abidjan
86%
896,000 Eritrea Capital City Asmara
84%
401,890 Egypt Gorges Dam Aswan
63%
421,844 Morocco Berber culture center Agadir
42%
1,160,000 Nigeria Ngwa people Aba
30%
617,631 Tanzania Diplomatic Hub Arusha
28%
735,000 Nigeria Ogun State Abeokuta
11%
562,061 Egypt Lycopolis Asyut
11%
730,000 Nigeria Ondo State Akure
10%
456,900 Ethiopia Oromia Region Adama
7%
No matching quizzes found
Score Distribution
Percent of People with Each Score
Percentile by Number Answered
Your Score History
You have not taken this quiz since the last reset